Indians of South America /

-д хадгалсан:
Номзүйн дэлгэрэнгүй
Үндсэн зохиолч: Darley, Richard J. (autor)
Бусад зохиолчид: Shupe, John F. (colaboración) (colaboración), Garrett, Wilbur E. (edición) (edición)
Формат: Газрын зураг
Хэвлэсэн: Washington, EUA : National Geographic Society, 1962, c1962
Нөхцлүүд:
Шошгууд: Шошго нэмэх
Шошго байхгүй, Энэхүү баримтыг шошголох эхний хүн болох!

MARC

LEADER 00000nem^a2200000^a^4500
001 000131888
005 20250521000000.0
009 20260310095037.451
037 |a Acervo ITESO - Biblioteca 
041 |a GRA 
082 |a 912. 80  |b ARC 
100 |a Darley, Richard J.  |e (autor) 
245 1 0 |a Indians of South America /  |c R.J. Darley ; colaboración de J.F. Shupe ; ed. de W.E. Garrett. 
255 |a Escala 1 : 10 700 000 y 1 : 22 500 000 
264 4 |a Washington, EUA :  |b National Geographic Society,  |c 1962, c1962 
300 |a 1 mapa 
336 |a imagen cartográfica estática  |b cri  |2 rdacontenido 
337 |a sin mediación  |b n  |2 rdamedio 
338 |a mapa  |b nz  |2 rdasoporte 
546 |a Edición gráfica con texto en inglés 
649 |a XX 
650 |a Indígenas de América del Sur -  |x Historia -  |y Epoca Prehispánica -  |x Mapas 
650 |a Arqueología -  |z América del Sur -  |x Historia -  |y Epoca Prehispánica -  |x Mapas 
650 |a América del Sur -  |x Historia -  |y Epoca Prehispánica -  |x Mapas 
650 |a América del Sur -  |x Mapas 
650 |a América -  |x Mapas 
650 |a Cartografía -  |z América del Sur 
650 |a Geografía -  |z América del Sur 
740 0 |a Archaeology of South America /  |c R.J. Darley ; colaboración de J.F. Shupe ; ed. de W.E. Garrett. 
700 |a Shupe, John F.  |e (colaboración) 
700 |a Garrett, Wilbur E.  |e (edición) 
910 |a Fondo General 
920 |a Gráficos - Mapas 
905 |a 503 
901 |a 0500061130  |b IT2  |c MAP  |u 20250521 
902 |a https://opac.biblio.iteso.mx/vufind/Record/000131888